00710cam a2200157 a 4500040000800000082002600008245023000034260006200264300003700326500001700363650003100380650001700411650001900428710008000447710002500527 cWaS a648 SWE 1988 A051 Or.03aAn Environmentally acceptable solution to the solid waste problem :ba seminar jointly sponsored by the National Resources Recovery Association, the Swedish Trade Council USA, March 23, 1988, Mayflower Hotel, Washington, D.C. a[Old Greenwich, CT?] :b[Swedish Trade Council?],c[1988] a1 v. (unpaged) :bill. ;c32 cm. aCover title. 0aRefuse and refuse disposal 0aIncineration 0aRefuse as fuel2 aNational Resource Recovery Association (United States Conference of Mayors)2 aSveriges exportråd